|
|
|
|
| LEADER |
00000nam0a2200000 4500 |
| 001 |
347480 |
| 005 |
20231102010013.0 |
| 010 |
|
|
|a 9785922119139
|
| 035 |
|
|
|a (RuTPU)RU\TPU\book\379395
|
| 090 |
|
|
|a 347480
|
| 100 |
|
|
|a 20220418d2022 k y0rusy50 ca
|
| 101 |
0 |
|
|a rus
|
| 102 |
|
|
|a RU
|
| 105 |
|
|
|a a z 001zy
|
| 200 |
1 |
|
|a Физика наносистем
|f В. А. Кульбачинский
|
| 210 |
|
|
|a Москва
|c Физматлит
|d 2022
|
| 215 |
|
|
|a 768 с.
|c ил.
|
| 320 |
|
|
|a Библиогр. в конце гл.
|
| 320 |
|
|
|a Предм. указ.: с. 765-767
|
| 330 |
|
|
|a Представлены самые последние достижения в области физики наносистем, технологии получения и применения низкоразмерных структур. Излагаются теоретические и экспериментальные основы физики полупроводниковых наноструктур, сверхрешеток, низкоразмерных аллотропных модификаций углерода: графена, фуллерена, нанотрубок. Уделяется особое внимание топологическим эффектам в кристаллах, явлениям, связанным с поверхностными и краевыми состояниями в топологических изоляторах и вейловских металлах, квантовой нелокальности, квантовым и тепловым флуктуациям в сверхпроводящих системах мезоскопических размеров. Рассматриваются целочисленный и дробный квантовые эффекты Холла, спинтроника, магноника, спиновая калоритроника. Предложены новые концептуальные подходы и экспериментальные методы, а также оригинальные объяснения, опирающиеся на исследования, выполненные автором. Предназначается специалистам в области физики наносистем, физики конденсированного состояния, физики низких температур и сверхпроводимости. Детальное рассмотрение физических основ обсуждаемых явлений и свойств обходится без использования специальных методов теоретической физики, что делает изложение доступным для широкого круга профессиональных читателей. Будет полезна научным сотрудникам, аспирантам и студентам, а также всем, интересующимся последними открытиями и достижениями в этих областях.
|
| 606 |
1 |
|
|a Наночастицы
|x Физика
|2 stltpush
|3 (RuTPU)RU\TPU\subj\71935
|9 85606
|
| 610 |
1 |
|
|a наносистемы
|
| 610 |
1 |
|
|a размерное квантование
|
| 610 |
1 |
|
|a двумерные структуры
|
| 610 |
1 |
|
|a гетероструктуры
|
| 610 |
1 |
|
|a инверсионные слои
|
| 610 |
1 |
|
|a дельта-слои
|
| 610 |
1 |
|
|a квантовые осцилляционные эффекты
|
| 610 |
1 |
|
|a проводимость
|
| 610 |
1 |
|
|a квантовые поправки
|
| 610 |
1 |
|
|a квантовый эффект Холла
|
| 610 |
1 |
|
|a квантовые ямы
|
| 610 |
1 |
|
|a полупроводниковые сверхрешетки
|
| 610 |
1 |
|
|a квантовые одномерные структуры
|
| 610 |
1 |
|
|a квантовые точки
|
| 610 |
1 |
|
|a экситоны
|
| 610 |
1 |
|
|a магнитные полупроводники
|
| 610 |
1 |
|
|a кванторазмерные гетероструктуры
|
| 610 |
1 |
|
|a спинтроника
|
| 610 |
1 |
|
|a спиновой эффект Холла
|
| 610 |
1 |
|
|a двумерные топологические изоляторы
|
| 610 |
1 |
|
|a кристаллические решетки
|
| 610 |
1 |
|
|a симметрия
|
| 610 |
1 |
|
|a квазикристаллы
|
| 610 |
1 |
|
|a графен
|
| 610 |
1 |
|
|a интеркалированные соединения
|
| 610 |
1 |
|
|a графит
|
| 610 |
1 |
|
|a фуллерены
|
| 610 |
1 |
|
|a фуллериты
|
| 610 |
1 |
|
|a фуллериды
|
| 610 |
1 |
|
|a углеродные нанотрубки
|
| 610 |
1 |
|
|a полупроводниковые нанотрубки
|
| 610 |
1 |
|
|a сканирующая зондовая микроскопия
|
| 610 |
1 |
|
|a мезоскопическая физика
|
| 610 |
1 |
|
|a флуктуация
|
| 610 |
1 |
|
|a сверхпроводящие наноструктуры
|
| 610 |
1 |
|
|a топологические изоляторы
|
| 610 |
1 |
|
|a термоэлектрические явления
|
| 610 |
1 |
|
|a квазидвумерные электронные системы
|
| 610 |
1 |
|
|a квазиодномерные электронные системы
|
| 610 |
1 |
|
|a твердотельные наноструктуры
|
| 675 |
|
|
|a 538.9
|v 4
|
| 700 |
|
1 |
|a Кульбачинский
|b В. А.
|g Владимир Анатольевич
|
| 801 |
|
1 |
|a RU
|b 63413507
|c 20220418
|
| 801 |
|
2 |
|a RU
|b 63413507
|c 20220719
|g RCR
|
| 942 |
|
|
|c BK
|